[Event "Nichelino op 8th"]
[Site "Nichelino"]
[Date "2007.10.07"]
[Round "6"]
[White "Fasano, Domenico"]
[Black "Martin, Tiziano"]
[Result "1-0"]
[WhiteElo "1721"]
[BlackElo "2019"]
[PlyCount "45"]
[EventDate "2007.10.04"]
[EventType "swiss"]
[EventRounds "6"]
[EventCountry "ITA"]
[SourceTitle "EXT 2010"]
[Source "ChessBase"]
[SourceDate "2010.11.25"]
[SourceVersion "1"]
[SourceVersionDate "2010.11.25"]
[SourceQuality "1"]

1. e4 e6 2. d4 d5 3. Nc3 dxe4 4. Nxe4 Nd7 5. Nf3 Ngf6 6. Nxf6+ Nxf6 7. Bd3 c5 8. dxc5 Bxc5 9. 0-0 0-0 10. Qe2 b6 11. Rd1 Qc7 12. Bg5 Be7 13. c3 Bb7 14. Nd4 a6 15. Re1 Bd6 16. h3 b5 17. Bxf6 gxf6 18. Qh5 f5 19. Qg5+ Kh8 20. Qf6+ Kg8 21. Bxf5 Rfe8 22. Bc2 Bf8 23. Re5 1-0

[Event "Nichelino op 8th"]
[Site "Nichelino"]
[Date "2007.10.05"]
[Round "2"]
[White "Marguati, Massimiano"]
[Black "Fasano, Domenico"]
[Result "1/2-1/2"]
[WhiteElo "1966"]
[BlackElo "1721"]
[PlyCount "70"]
[EventDate "2007.10.04"]
[EventType "swiss"]
[EventRounds "6"]
[EventCountry "ITA"]
[SourceTitle "EXT 2010"]
[Source "ChessBase"]
[SourceDate "2010.11.25"]
[SourceVersion "1"]
[SourceVersionDate "2010.11.25"]
[SourceQuality "1"]

1. d4 Nf6 2. c4 e5 3. dxe5 Ng4 4. Bf4 Nc6 5. Nf3 Bb4+ 6. Nbd2 Qe7 7. a3 Ngxe5 8. Nxe5 Nxe5 9. e3 Bxd2+ 10. Qxd2 d6 11. Be2 Be6 12. Qc3 f6 13. Bg3 0-0 14. 0-0 Qf7 15. c5 Rfd8 16. cxd6 cxd6 17. Rac1 Rac8 18. Qd4 Nc6 19. Qd2 d5 20. Rfd1 d4 21. Bd3 Bb3 22. e4 Ne5 23. Bc2 Bxc2 24. Rxc2 Rxc2 25. Qxc2 Qc4 26. Qd2 d3 27. f3 Kf7 28. Rc1 Qb5 29. Rc7+ Rd7 30. Rxd7+ Qxd7 31. Bxe5 fxe5 32. Kf1 Qd4 33. Qf2 Qc4 34. Qd2 Qd4 35. Qf2 Qc4 1/2-1/2

[Event "Turin Autumn op"]
[Site "Turin"]
[Date "2006.11.??"]
[Round "3"]
[White "Araniti, Michelangelo"]
[Black "Fasano, Domenico"]
[Result "1-0"]
[WhiteElo "1766"]
[BlackElo "1700"]
[PlyCount "83"]
[EventDate "2006.10.28"]
[EventType "swiss"]
[EventRounds "7"]
[EventCountry "ITA"]
[SourceTitle "EXT 2011"]
[Source "ChessBase"]
[SourceDate "2010.11.26"]
[SourceVersion "1"]
[SourceVersionDate "2010.11.26"]
[SourceQuality "1"]

1. Nf3 Nf6 2. d4 e6 3. Nc3 d5 4. g3 Bb4 5. Bd2 0-0 6. Bg2 b6 7. 0-0 Bb7 8. a3 Be7 9. e3 Nbd7 10. Re1 c5 11. Bc1 Rc8 12. Ne2 Qc7 13. c3 Rfd8 14. h4 e5 15. Bd2 Ne4 16. Rc1 Qd6 17. Nh2 Qg6 18. Bxe4 dxe4 19. Kf1 Qf5 20. g4 Qf6 21. g5 Qf5 22. Kg2 exd4 23. cxd4 Bd6 24. Ng3 Qe6 25. Bc3 cxd4 26. Bxd4 Ne5 27. Rxc8 Rxc8 28. Bxe5 Bxe5 29. Re2 f6 30. Rd2 fxg5 31. hxg5 Rc7 32. Rd8+ Kf7 33. Rh8 Rd7 34. Qh5+ Qg6 35. Qg4 Rd2 36. Nhf1 Rd6 37. Nf5 Rf6 38. Nh4 Rxf2+ 39. Kxf2 Qd6 40. Qf5+ Ke7 41. Qf8+ Ke6 42. Qg8+ 1-0

[Event "SEMI B005 email"]
[Site "SEMI email"]
[Date "2000.01.20"]
[Round "?"]
[White "Tomassini, Lamberto"]
[Black "Fasano, Domenico"]
[Result "1/2-1/2"]
[WhiteElo "1017"]
[BlackElo "1684"]
[PlyCount "113"]
[EventDate "2000.01.20"]
[EventType "tourn (corr)"]
[EventRounds "6"]
[EventCountry "ITA"]
[SourceTitle "Corr 2002"]
[Source "ChessBase"]
[SourceDate "2002.05.23"]
[SourceVersion "1"]
[SourceVersionDate "2002.05.23"]
[SourceQuality "1"]

1. d4 Nf6 2. c4 e6 3. Nc3 Bb4 4. Qc2 c5 5. dxc5 0-0 6. Bg5 Na6 7. a3 Bxc3+ 8. Qxc3 Nxc5 9. Bxf6 Qxf6 10. Qxf6 gxf6 11. b4 Na4 12. e4 b6 13. Ne2 Bb7 14. Ng3 d5 15. exd5 exd5 16. Nh5 dxc4 17. Bxc4 Rac8 18. Bb5 Nc3 19. Bd7 Rcd8 20. 0-0 Kh8 21. Bg4 Rg8 22. f3 Ne2+ 23. Kf2 Nd4 24. Nxf6 Rg6 25. Nh5 Rh6 26. Nf4 Rf6 27. Kg3 Nf5+ 28. Bxf5 Rxf5 29. Nh3 Rfd5 30. Ra2 Rd3 31. Nf4 R3d4 32. Ne2 Rc4 33. Rc1 Rxc1 34. Nxc1 Kg7 35. Rc2 Rd7 36. Kf4 Ba6 37. g4 Rd4+ 38. Ke3 Rd7 39. Rc3 Re7+ 40. Kf4 Rd7 41. Kg3 Bb5 42. f4 a6 43. Nb3 f5 44. h3 Kf6 45. Na1 Rd1 46. Nc2 Rc1 47. Rc7 Ba4 48. Ne3 Rxc7 49. Nd5+ Ke6 50. Nxc7+ Kd6 51. Nxa6 Bb5 52. Nc5 bxc5 53. bxc5+ Kxc5 54. gxf5 Kd6 55. Kg4 Ke7 56. Kg5 Kf7 57. Kh6 1/2-1/2

[Event "SEMI B005 email"]
[Site "SEMI email"]
[Date "2000.??.??"]
[Round "?"]
[White "Fasano, Domenico"]
[Black "Brokes, Frank"]
[Result "1/2-1/2"]
[WhiteElo "1684"]
[BlackElo "1590"]
[PlyCount "72"]
[EventDate "2000.01.20"]
[EventType "tourn (corr)"]
[EventRounds "6"]
[EventCountry "ITA"]
[SourceTitle "Corr 2002"]
[Source "ChessBase"]
[SourceDate "2002.05.23"]
[SourceVersion "1"]
[SourceVersionDate "2002.05.23"]
[SourceQuality "1"]

1. e4 c5 2. Nf3 e6 3. d4 cxd4 4. Nxd4 Nc6 5. Nc3 a6 6. Bc4 Qc7 7. 0-0 Nxd4 8. Qxd4 b5 9. Bb3 Bb7 10. Be3 b4 11. Na4 e5 12. Qd3 Nf6 13. f3 Rb8 14. Rfd1 Be7 15. c3 bxc3 16. Rac1 0-0 17. Rxc3 Qa5 18. Bb6 Qb4 19. Bc7 Rbc8 20. Bxe5 d5 21. Rxc8 Rxc8 22. Bc3 Qb5 23. Bxf6 Bxf6 24. Qxb5 axb5 25. Nb6 Rd8 26. Nxd5 Bxd5 27. Bxd5 Rc8 28. b3 b4 29. Bc4 Rd8 30. Rxd8+ Bxd8 31. Kf2 Bc7 32. g3 Kf8 33. f4 f6 34. Kf3 Ke7 35. Kg4 g6 36. h4 Kf8 1/2-1/2

[Event "SEMI B005 email"]
[Site "SEMI email"]
[Date "2000.??.??"]
[Round "?"]
[White "Parrilla, Antonio"]
[Black "Fasano, Domenico"]
[Result "0-1"]
[WhiteElo "1000"]
[BlackElo "1684"]
[PlyCount "72"]
[EventDate "2000.01.20"]
[EventType "tourn (corr)"]
[EventRounds "6"]
[EventCountry "ITA"]
[SourceTitle "Corr 2002"]
[Source "ChessBase"]
[SourceDate "2002.05.23"]
[SourceVersion "1"]
[SourceVersionDate "2002.05.23"]
[SourceQuality "1"]

1. d4 f5 2. Nf3 Nf6 3. g3 g6 4. Bg2 Bg7 5. Nc3 0-0 6. 0-0 d6 7. d5 c6 8. Nd4 Bd7 9. Qd3 Kh8 10. Bg5 cxd5 11. Nxd5 Nxd5 12. Bxd5 Nc6 13. c3 Nxd4 14. cxd4 Qb6 15. e3 e6 16. Bg2 h6 17. Be7 Rfe8 18. Bxd6 Qxd6 19. Qb3 Bc6 20. Rfc1 Bxg2 21. Kxg2 b6 22. f3 Rac8 23. Rc3 e5 24. Rac1 Rxc3 25. bxc3 Rc8 26. Qb2 Qd5 27. Rd1 Qc4 28. dxe5 Bxe5 29. Rd7 Bxc3 30. Qc2 a5 31. Rd6 Rc6 32. Rxc6 Qxc6 33. a4 Qc5 34. Qd3 Bg7 35. g4 fxg4 36. Qxg6 Qxe3 0-1